000 00464nam a2200169Ia 4500
003 GCL
008 140319s9999 xx 000 0 eng d
040 _aGCL /
_cGCL
082 0 4 _a025
_bS L
100 1 _aSHARMA, S.K.
245 1 0 _aLIBEARY SCIENCE CONCEPT AND TECHNIQUES /
_cSHARMA, S.K.
260 _a[S.N] :
_bKAANNA TECH PUBLICATIONS ،
_c1995
650 0 4 _aLIBRARY TECHNICAL SERVICES
650 0 4 _aNET WORK
650 0 4 _aSUBJECT HEADINGS
942 _2ddc
_cBK
999 _c10803
_d10803